000 00494nam a22001817a 4500
003 CEME
005 20210628205043.0
008 210128b xxu||||| |||| 00| 0 eng d
020 _a0-387-94923-2
040 _c.
082 _a629.892 GUP
100 _aGupta, Krishna C
_973658
245 _aMechanics and control of robots
260 _aNEW YORK
_bSPRINGER VERLAG
_c1997
300 _aVII,178P
650 _aROBOTICS, ROBOTS CONTROL SYSTEMS, AUTOMATIC MACHINERY
_973659
942 _cBK
_2ddc
999 _c579319
_d579319